000
00189nam a2200085Ia 4500
008
120527s9999 xx 000 0 und d
100
_a
Swatrz & Borello
245
_a
Taking sides
942
_c
BK
999
_c
27275
_d
27275